<?xml version="1.0" encoding="UTF-8"?>
<record
    xmlns:xsi="http://www.w3.org/2001/XMLSchema-instance"
    xsi:schemaLocation="http://www.loc.gov/MARC21/slim http://www.loc.gov/standards/marcxml/schema/MARC21slim.xsd"
    xmlns="http://www.loc.gov/MARC21/slim">

  <leader>03437nam a2200277   4500</leader>
  <controlfield tag="001">ESSALUD</controlfield>
  <controlfield tag="005">20260701103411.0</controlfield>
  <controlfield tag="007">ta</controlfield>
  <controlfield tag="008">      t        pe ||||| |||| 00| 0 spa d</controlfield>
  <datafield tag="040" ind1=" " ind2=" ">
    <subfield code="a">BMG</subfield>
  </datafield>
  <datafield tag="041" ind1=" " ind2=" ">
    <subfield code="a">spa</subfield>
  </datafield>
  <datafield tag="100" ind1=" " ind2=" ">
    <subfield code="a">Guiv&#xED;n Munayco, Marita Ysabel </subfield>
    <subfield code="e">Autor</subfield>
    <subfield code="9">52952</subfield>
  </datafield>
  <datafield tag="245" ind1=" " ind2=" ">
    <subfield code="a">El proceso judicial de disposici&#xF3;n de pensi&#xF3;n de orfandad del menor</subfield>
    <subfield code="b">Un tr&#xE1;mite innecesario, burocr&#xE1;tico y atentatorio contra el principio de inter&#xE9;s superior del ni&#xF1;o</subfield>
  </datafield>
  <datafield tag="246" ind1=" " ind2=" ">
    <subfield code="a">Judicial proceedings for the disposal of minors' orphanhood pensions</subfield>
    <subfield code="b">An unnecessary, bureaucratic procedure in violation of the principie of the best interests of the child</subfield>
  </datafield>
  <datafield tag="300" ind1=" " ind2=" ">
    <subfield code="a">p&#xE1;ginas 102-114</subfield>
  </datafield>
  <datafield tag="520" ind1=" " ind2=" ">
    <subfield code="a">La autorizaci&#xF3;n judicial es un requisito esencial para la disposici&#xF3;n de la suma dineraria depositada en una cuenta bancaria a nombre de un menor de edad, sin excepci&#xF3;n alguna; por lo que, en el caso de que dichos fondos provengan de la pensi&#xF3;n de orfandad, el progenitor sup&#xE9;rstite, representante legal o tutor, deber&#xE1; activar la v&#xED;a judicial donde deber&#xE1; acreditarse la necesidad o utilidad del uso de dicho dinero, pese a que esta necesidad est&#xE1; intr&#xED;nsecamente reconocida desde el momento que se otorga la pensi&#xF3;n de orfandad en la v&#xED;a administrativa, por lo que este tr&#xE1;mite resulta ser innecesario y burocr&#xE1;tico. La autora refiere que dicho proceso judicial atenta directamente contra el inter&#xE9;s superior del ni&#xF1;o, dado que la satisfacci&#xF3;n de sus necesidades alimentarias quedar&#xE1; supeditada hasta que se emita un pronunciamiento definitivo en el proceso judicial, que no se caracteriza por su celeridad. En consecuencia, se propone que la autoridad administrativa deposite la pensi&#xF3;n de orfandad del menor en una cuenta bancaria creada a nombre de su progenitor sobreviviente.</subfield>
  </datafield>
  <datafield tag="520" ind1=" " ind2=" ">
    <subfield code="a">Judicial authorization constitutes an indispensable prerequisite far the disposition of
funds deposited in a bank account held in the name of a minor, without exception. Accordingly, when such funds originate from an orphan's pension, the surviving parent, legal representative, or court-appointed guardian is obligated to initiate legal proceedings to substantiate the necessity or utility of utilizing said resources. However, this necessity is inherently acknowledged from the moment the orphan's pension is granted through administrative channels, rendering the judicial procedure redundant and, above al/, bureaucratic. The author affirms that this requirement clearly contravenes the principle of the best interests of the child, as the fulfillment of the minor's essential needs, particular/y those related to sustenance, is thereby contingent upon the conclusion of judicial proceedings, which are characteristically y protracted. Consequently, it is proposed that the competent administrative authority deposit the orphan's pension directly into a bank account established in the name of his or her surviving parent.
</subfield>
  </datafield>
  <datafield tag="650" ind1=" " ind2=" ">
    <subfield code="a">NI&#xD1;OS, NI&#xD1;AS Y ADOLESCENTS</subfield>
    <subfield code="9">53036</subfield>
  </datafield>
  <datafield tag="650" ind1=" " ind2=" ">
    <subfield code="a">PRINCIPIO DE INTER&#xC9;S SUPERIOR DEL NI&#xD1;O</subfield>
    <subfield code="9">52954</subfield>
  </datafield>
  <datafield tag="650" ind1=" " ind2=" ">
    <subfield code="a">PENSI&#xD3;N DE ALIMENTOS</subfield>
    <subfield code="9">52955</subfield>
  </datafield>
  <datafield tag="650" ind1=" " ind2=" ">
    <subfield code="a">CHILDREN OND ODOLESCENTS</subfield>
    <subfield code="9">52956</subfield>
  </datafield>
  <datafield tag="650" ind1=" " ind2=" ">
    <subfield code="a">BEST INTERESTS OF THE CHILD PRINCIPLE</subfield>
    <subfield code="9">52957</subfield>
  </datafield>
  <datafield tag="650" ind1=" " ind2=" ">
    <subfield code="a">CHILD SUPPORT</subfield>
    <subfield code="9">52958</subfield>
  </datafield>
  <datafield tag="773" ind1="0" ind2=" ">
    <subfield code="0">22573</subfield>
    <subfield code="9">22620</subfield>
    <subfield code="d">Lima Grupo Praxis Formaci&#xF3;n Profesional, 2026-</subfield>
    <subfield code="o">PRA001</subfield>
    <subfield code="t">Praxis Civil &amp; Procesal Civil</subfield>
    <subfield code="w">ESSALUD</subfield>
    <subfield code="x">3119-7671</subfield>
  </datafield>
  <datafield tag="942" ind1=" " ind2=" ">
    <subfield code="c">ARTICULOS</subfield>
    <subfield code="e">2026-06-30</subfield>
    <subfield code="z">sqb</subfield>
  </datafield>
  <datafield tag="999" ind1=" " ind2=" ">
    <subfield code="c">22579</subfield>
    <subfield code="d">22579</subfield>
  </datafield>
</record>
